Test of English as a foreign language (Record no. 37864)

MARC details
000 -LEADER
fixed length control field 00316nam a2200121Ia 4500
082 ## - DEWEY DECIMAL CLASSIFICATION NUMBER
Classification number 802.0:37
Item number GRU
100 ## - MAIN ENTRY--AUTHOR NAME
Personal name Grubber, E C
245 #0 - TITLE STATEMENT
Title Test of English as a foreign language
260 ## - PUBLICATION, DISTRIBUTION, ETC. (IMPRINT)
Place of publication New York
Name of publisher Monarch Press
Year of publication 1982
700 ## - ADDED ENTRY--PERSONAL NAME
Personal name Grubber, G R
942 ## - ADDED ENTRY ELEMENTS (KOHA)
Koha item type Books
Holdings
Withdrawn status Lost status Damaged status Not for loan Home library Current library Date acquired Cost, normal purchase price Full call number Accession Number Koha item type
        RRII Library RRII Library 16/12/2021 89.05 802.0:37 GRU 18235 Books